| 000 | 00889nam a22002297a 4500 | ||
|---|---|---|---|
| 003 | 0 | ||
| 005 | 20260205110017.0 | ||
| 008 | 260205b xxu||||| |||| 00| 0 eng d | ||
| 020 | _a978-0-14-241384-5 | ||
| 050 |
_aFIC _bD11 2013 |
||
| 082 |
_aFIC _bD11 2013 |
||
| 100 | _aDahl, Roald | ||
| 245 |
_aThe Giraffe and the Pelly and me / _cRoald Dahl; illustrated by Quentin Blake. |
||
| 260 |
_aNew York, NY : _bPuffin Books, _c2013. |
||
| 300 |
_a78 pages : _billustrations ; _c20 cm. |
||
| 520 | _aA small boy with a desire to own a candy shop meets a window-washing team composed of a giraffe, a pelican, and a monkey and together they go to work for the wealthy Duke of Hampshire, who makes all their dreams come true. | ||
| 650 |
_aGiraffes _vFiction. |
||
| 650 |
_aPelicans _vFiction. |
||
| 650 | _aChildren's fiction. | ||
| 700 |
_aBlake, Quentin, _eillustrator. |
||
| 942 |
_2ddc _cBK |
||
| 999 |
_c368799 _d368799 |
||